| 000 | 01512nac a22003971i 4500 | ||
|---|---|---|---|
| 003 | EG-ScBUE | ||
| 005 | 20241127103834.0 | ||
| 006 | m||||fq||h 00| 0 | ||
| 008 | 080909s2008 nyua f 001 0 eng d | ||
| 020 | _a9780071263658 | ||
| 020 | _a0071263659 | ||
| 040 |
_aEG-ScBUE _beng _erda _cEG-ScBUE _dEG-ScBUE |
||
| 082 | 0 | 4 |
_a519.5 _bLIN _222 |
| 100 | 1 |
_aLind, Douglas A., _eauthor. |
|
| 245 | 1 | 0 |
_aBasic statistics for business & economics / _cDouglas A. Lind, Coastal Carolina University and The University of Toledo, William G. Marchal, The University of Toledo, Samuel A. Wathen, Coastal Carolina University. |
| 246 | 3 | _aBasic statistics for business and economics | |
| 250 | _aSixth edition. | ||
| 250 | _aInternational Edition. | ||
| 264 | 1 |
_aNew York : _bMcGraw-Hill/Irwin, _c2008. |
|
| 300 |
_a582 pages : _bcolor illustrations ; _c24 cm + _e1 CD |
||
| 336 |
_2rdacontent _atext _btxt |
||
| 336 |
_2rdacontent _asounds _bsnd |
||
| 337 |
_aunmediated _2rdamedia _bn |
||
| 337 |
_aaudio _2rdamedia _bs |
||
| 338 |
_avolume _bnc _2rdacarrier |
||
| 338 |
_acomputer disc _bcd _2rdacarrier |
||
| 500 | _aIncludes index. | ||
| 650 | 7 |
_aSocial sciences _xStatistical methods. _2BUEsh |
|
| 650 | 7 |
_aEconomics _xStatistical methods. _2BUEsh |
|
| 650 | 7 |
_aIndustrial management _xStatistical methods. _2BUEsh |
|
| 650 | 7 |
_aCommercial statistics. _2BUEsh |
|
| 655 | _vReading book | ||
| 700 | 1 |
_aMarchal, William G., _eauthor. |
|
| 700 | 1 |
_aWathen, Samuel Adam, _eauthor. |
|
| 942 |
_cBB _2ddc |
||
| 999 |
_c10162 _d10162 |
||